[Event "Goch op 24th"]
[Site "Goch"]
[Date "2013.09.08"]
[Round "6"]
[White "Kohl, Sebastian"]
[Black "Schelwokat, Peter"]
[Result "0-1"]
[WhiteElo "1703"]
[BlackElo "1955"]
[PlyCount "112"]
[EventDate "2013.09.05"]
[EventType "swiss"]
[EventRounds "7"]
[EventCountry "GER"]
[SourceTitle "EXT 2015"]
[Source "ChessBase"]
[SourceDate "2014.11.20"]
[SourceVersion "1"]
[SourceVersionDate "2014.11.20"]
[SourceQuality "1"]

1. e4 e6 2. d4 d5 3. Nc3 h6 4. Nf3 Nc6 5. Bb5 Bb4 6. 0-0 Nge7 7. e5 Bd7 8. Bd3 Na5 9. Ne2 Nf5 10. c3 Be7 11. Ng3 Nxg3 12. hxg3 b6 13. Nh2 c5 14. f4 cxd4 15. cxd4 Nc6 16. Be3 Nb4 17. Bb1 g6 18. a3 Nc6 19. g4 h5 20. f5 gxf5 21. gxf5 Bg5 22. Qd2 Bxe3+ 23. Qxe3 b5 24. fxe6 Bxe6 25. Bf5 Qb6 26. Bxe6 fxe6 27. Rad1 0-0-0 28. Rf6 Kd7 29. Rf7+ Kc8 30. Qf2 Rhg8 31. Rc1 Kb8 32. Nf3 Rdf8 33. Rxf8+ Rxf8 34. Qh4 Rf5 35. Qg3 Nd8 36. Qg7 Qb7 37. Qg8 Qe7 38. Rc5 a6 39. Kf1 Rf8 40. Qg6 h4 41. Ke2 Rh8 42. Ng5 Rf8 43. Nh7 Rf4 44. Qc2 Rxd4 45. Nf6 Rc4 46. Rxc4 bxc4 47. Qa4 Qc7 48. Qb4+ Ka7 49. Ng4 Nf7 50. Qf8 Nd8 51. Qh6 Qb6 52. Qxh4 Qxb2+ 53. Kf1 Nc6 54. Qh7+ Kb6 55. Nf6 c3 56. Nd7+ Ka5 0-1

[Event "Goch op 24th"]
[Site "Goch"]
[Date "2013.09.08"]
[Round "7"]
[White "Priebs, Ludger"]
[Black "Kohl, Sebastian"]
[Result "0-1"]
[WhiteElo "1917"]
[BlackElo "1703"]
[PlyCount "84"]
[EventDate "2013.09.05"]
[EventType "swiss"]
[EventRounds "7"]
[EventCountry "GER"]
[SourceTitle "EXT 2015"]
[Source "ChessBase"]
[SourceDate "2014.11.20"]
[SourceVersion "1"]
[SourceVersionDate "2014.11.20"]
[SourceQuality "1"]

1. Nf3 c5 2. c4 Nf6 3. Nc3 d5 4. cxd5 Nxd5 5. d4 Nxc3 6. bxc3 g6 7. e3 Bg7 8. Be2 0-0 9. 0-0 Qc7 10. Qb3 b6 11. Rd1 e6 12. Ba3 Nd7 13. Rac1 Bb7 14. Ne1 Rfd8 15. f3 Bh6 16. f4 Nf6 17. Bf3 Bxf3 18. Nxf3 Nd5 19. Ng5 Bxg5 20. fxg5 Nxe3 21. Re1 Qf4 22. Rf1 Nxf1 23. Rxf1 Qe3+ 24. Kh1 Qxg5 25. Bc1 Qd5 26. c4 Qxd4 27. Qf3 f5 28. Bg5 Qxc4 29. Rc1 Qd5 30. Qe2 e5 31. h4 Kg7 32. Kh2 h6 33. Rd1 hxg5 34. Rxd5 Rxd5 35. Qa6 Rd7 36. hxg5 Rh8+ 37. Kg1 e4 38. Qc4 Re8 39. Qc3+ Rd4 40. Qh3 Rh8 41. Qg3 f4 42. Qxf4 Rd1+ 0-1

[Event "Goch op 22nd"]
[Site "Goch"]
[Date "2011.10.02"]
[Round "6"]
[White "Iov, Dmitrii"]
[Black "Kohl, Sebastian"]
[Result "1-0"]
[WhiteElo "1936"]
[BlackElo "1670"]
[PlyCount "111"]
[EventDate "2011.09.29"]
[EventType "swiss"]
[EventRounds "7"]
[EventCountry "GER"]
[SourceTitle "EXT 2014"]
[Source "ChessBase"]
[SourceDate "2013.11.20"]
[SourceVersion "1"]
[SourceVersionDate "2013.11.20"]
[SourceQuality "1"]

1. d4 e6 2. c4 d5 3. Nf3 c6 4. Nc3 dxc4 5. a4 Bb4 6. Bd2 b5 7. e3 a5 8. axb5 Bxc3 9. Bxc3 cxb5 10. b3 Bb7 11. bxc4 b4 12. Bd2 Nf6 13. Bd3 0-0 14. 0-0 Nbd7 15. Qc2 Qc7 16. e4 e5 17. Nxe5 Nxe5 18. dxe5 Ng4 19. Be2 Nxe5 20. c5 Rfc8 21. Rfc1 Nd7 22. Bg4 Bc6 23. f3 Re8 24. Be1 Ne5 25. Bg3 Qb7 26. Bxe5 Rxe5 27. Qb2 Ree8 28. Rc4 Qb5 29. Rac1 Rab8 30. Rd4 a4 31. Rcc4 a3 32. Qb3 Qa4 33. Qxa4 Bxa4 34. Rxb4 a2 35. Rxa4 Rb1+ 36. Kf2 a1Q 37. Rxa1 Rxa1 38. Rc4 Re7 39. c6 Rc7 40. Bd7 Kf8 41. Rb4 Ke7 42. e5 Ra2+ 43. Kg3 Rxd7 44. cxd7 Kxd7 45. Rb6 Rc2 46. f4 Ke7 47. f5 Re2 48. Rb7+ Ke8 49. e6 fxe6 50. Rxg7 exf5 51. Rxh7 Re7 52. Rxe7+ Kxe7 53. Kf4 Kf6 54. h3 Kg6 55. h4 Kh5 56. Kxf5 1-0

[Event "Goch op 22nd"]
[Site "Goch"]
[Date "2011.09.30"]
[Round "2"]
[White "Thevessen, Hubert"]
[Black "Kohl, Sebastian"]
[Result "1/2-1/2"]
[WhiteElo "1889"]
[BlackElo "1670"]
[PlyCount "107"]
[EventDate "2011.09.29"]
[EventType "swiss"]
[EventRounds "7"]
[EventCountry "GER"]
[SourceTitle "EXT 2014"]
[Source "ChessBase"]
[SourceDate "2013.11.20"]
[SourceVersion "1"]
[SourceVersionDate "2013.11.20"]
[SourceQuality "1"]

1. c4 c5 2. Nc3 g6 3. g3 Bg7 4. Bg2 e6 5. e3 Nc6 6. Nge2 Nge7 7. 0-0 0-0 8. d4 cxd4 9. exd4 d5 10. cxd5 Nxd5 11. Nxd5 exd5 12. a3 a5 13. Be3 Bg4 14. f3 Re8 15. Bf2 Bf5 16. Nc3 Rc8 17. g4 Be6 18. Qd2 Na7 19. Rac1 Qd7 20. Rfd1 b5 21. Ne2 a4 22. Rc5 Bf8 23. Rxc8 Rxc8 24. Rc1 Qd8 25. Bg3 Nc6 26. Qd3 Qb6 27. Kh1 Na5 28. Rxc8 Bxc8 29. Qc3 Nc4 30. Nf4 Be6 31. Nd3 Qa5 32. Nb4 Bh6 33. f4 Bxg4 34. Bxd5 Qc7 35. f5 Bf4 36. fxg6 hxg6 37. Bxc4 bxc4 38. Kg1 Qd6 39. d5 g5 40. Kg2 Bxg3 41. Qxg3 Qxg3+ 42. Kxg3 Bd7 43. h4 gxh4+ 44. Kxh4 Kf8 45. Kg5 Ke7 46. Kf4 Kd6 47. Ke4 Bh3 48. Kd4 Bf1 49. Nc2 Bd3 50. Ne3 f5 51. Ng2 Bf1 52. Nf4 Bd3 53. Ne6 Be4 54. Nf4 1/2-1/2